• 首页
  • 本馆介绍
  • 公告通知
  • 最新文献
  • 馆藏检索
  • 电子资源
  • 读者导购
  • 参考咨询
  • 我的图书馆
  • 登录
  • 详细信息显示
  • 放入我的书架
  • 预约/预借图书
  • 作者相关作品
  • 分类相关作品
  • 丛书相关作品
  • 出版社相关作品

书目信息

  • 表格格式
  • 工作单格式
  • 卡片格式
题名:
健康养生指南
    
 
作者: 李乡状 主编
分册:  
出版信息: 长春   吉林文史出版社  2006.01
页数: 191页
开本: 21cm
丛书名: 文艺经典荟萃
单 册:
中图分类: R161-62
科图分类:
主题词: 艺术--经典--丛书 , 个人卫生
电子资源:
ISBN: 7-80702-343-0
000 00735nam0 2200253 450
001 012006000000
005 20070928085822.56
010    @a7-80702-343-0@dCNY22.80
100    @a20070307d2006 em y0chiy0110 ea
101 0  @achi
102    @aCN@b220000
105    @ay z 000yy
200 1  @a健康养生指南@AJian Kang Yang Sheng Zhi Nan@f李乡状主编@FLi Xiang Zhuang Zhu Bian
210    @a长春@c吉林文史出版社@c吉林音像出版社@d2006.01
215    @a191页@d21cm
225 2  @a文艺经典荟萃
410  0 @12001 @a文艺经典荟萃
606 0  @a艺术@x经典@j丛书
606 0  @a个人卫生
690    @aR161-62@v4
701  0 @a李乡状@ALi Xiang Zhuang@4主编
801  0 @aCN@bBJSWSY@c20070928
905    @aBZT@dR161-62@e12
906    @dCNY22.80@n0@r1
    
    健康养生指南/李乡状主编.-长春:吉林文史出版社:吉林音像出版社,2006.01
    191页;21cm.-(文艺经典荟萃)
    
    
    ISBN 7-80702-343-0:CNY22.80
    
●
相关链接 在五车中查询图书 在当当中查询图书 在豆瓣中查询图书


正题名:健康养生指南     索取号:R161-62/12         预约/预借

序号 登录号 条形码 馆藏地/架位号 状态 备注
1 587630   230160063   中心书库中库/ 中库002架A面5列3层53/ [索取号:R161-62/12] 在馆    
2 587631   230160064   中心书库中库/ 中库001架B面5列6层21/ [索取号:R161-62/12] 在馆    
3 587632   230160067   中心书库中库/ 中库001架B面5列6层20/ [索取号:R161-62/12] 在馆    
4 587633   230160058   中心书库中库/ 中库001架B面5列4层32/ [索取号:R161-62/12] 在馆    
5 587634   230160059   中心书库中库/ 中库001架B面5列6层24/ [索取号:R161-62/12] 在馆    
6 587635   230160060   中心书库中库/ 中库001架B面3列5层60/ [索取号:R161-62/12] 在馆    
7 587636   230160061   中心书库中库/ 中库001架B面5列6层18/ [索取号:R161-62/12] 在馆    
8 587637   230160062   中心书库中库/ 中库001架B面5列6层23/ [索取号:R161-62/12] 在馆    
9 587638   230160065   中心书库中库/ 中库001架B面5列6层19/ [索取号:R161-62/12] 在馆    
10 587639   230160066   中心书库中库/ 中库001架B面5列6层22/ [索取号:R161-62/12] 在馆    
山东省滨州职业学院图书馆 欢迎您!
大连网信软件有限公司© 版权所有